| 000 | 00628cam a22002411 4500 | ||
|---|---|---|---|
| 001 | 28105 | ||
| 003 | BD-RjUL | ||
| 005 | 20211209051235.0 | ||
| 008 | 140329s1958 PK 000 0 eng | ||
| 035 | _a(BD-RjUL)28186 | ||
| 035 | _a(OCoLC)245984 | ||
| 040 |
_aDLC _cOAU _dDLC _beng |
||
| 041 | _aeng | ||
| 082 |
_a572.954 _bKHP 1958 |
||
| 100 | 1 |
_aKhan, Ghani. _986160 |
|
| 245 | 1 | 4 |
_aThe Pathans : _ba sketch / _cGhani Khan. |
| 260 |
_aPeshawar _buniversity book agency, _c1958. |
||
| 300 |
_a58 p. : _billus. ; _c24 cm. |
||
| 650 | 0 |
_aPushtuns. _971305 |
|
| 942 |
_2ddc _cBK |
||
| 999 |
_c28105 _d28105 |
||